000 01176ncm a2200289 a 4500
999 _c350279
_d350279
003 BLK
005 20250215162443.0
008 200401b bu ||||| |||| 00| 0 bu d
040 _aBLK
041 _aBUL
_cBUL
080 _aВиолончело учебна л-ра. Етюди, гами, упражнения
_b787.3.087.5
_z787.3.087.5
100 _aВапорджиев, Кирил
_eпърви автор
_91299
139 _aВапорджиев, Кирил
_bВ 21
245 _aУпражнения за виолончело в неравноделни тактове
_cКирил Вапорджиев
257 _aBGR
260 _9209548
_aСофия
_bНаука и изкуство
_c1966
300 _a27 с.
_c32 см
380 _a7
650 7 _aВиолончело - методика и техника на свиренето
_2
_9150751
653 7 _9183305
_aвиолончело
653 7 _9199037
_aупражнения
700 _aВапорджиев, Кирил
_eпърви автор
_91299
852 _aЦб М ІІ 3928
_bИП
942 _cNOT
_n0
_s1
944 _c2020-04-01
_k30560
_lГеновева Генчева
999 _d350279